| 000 | 00994nam a22002897a 4500 | ||
|---|---|---|---|
| 001 | 9547 | ||
| 003 | FISKH | ||
| 005 | 20260122083738.0 | ||
| 008 | 260122b cb ||||| |||| 00| 0 eng d | ||
| 020 | _a9781786175168 | ||
| 040 |
_aFISKH _beng _cFISKH _dFISKH |
||
| 050 | _aPZ7 | ||
| 082 | _a398.2 | ||
| 100 |
_aAnonymous _eAuthor |
||
| 245 |
_aAladdin : _bMy fairytale time / _cIllustrated by Mette Engeff |
||
| 260 |
_aEssex : _bMiles Kelly Publishing Ltd , _c2018 |
||
| 300 |
_a23 unnumbered pages : _bcolor illustrations ; _c18 cm |
||
| 505 | _aC | ||
| 520 | _aTime to read! Little ones will love the bright illustrations on every page of this beautiful picture book. This story has been simply retold in a clear and engaging way to encourage reading. | ||
| 521 | 8 |
_a100
_bLexile estimate |
|
| 521 | 8 |
_aC
_bRaz-Plus |
|
| 650 |
_aFairytale _vAladdin |
||
| 650 |
_aChildren's _vPicture book |
||
| 700 |
_aEngeff, Mette _eIllustrator |
||
| 942 |
_2ddc _cBK _n0 |
||
| 999 |
_c9547 _d9547 |
||